000 00614nab a2200181 4500
001 244442
003 OSt
005 20241029100557.0
007 tu
008 200917s2020|||||||
040 _aDE-2950
_cDE-2950
245 0 0 _aKunst aus neuen Blickwinkeln
_bFestival. Werke in ganz neuem Licht begeisterten beim "Labirynt" an der Oder. Diesmal wurde dabei auch künstliche Intelligenz ins Spiel gebracht/
_cRené Matschkowiak
264 _c2024
653 _aFrankfurt (Oder)
653 _aLabirynt
773 0 _g35. Jahrgang (2024) Nr. 247 vom 22.10.2024, S. 16 mit Foto
_tMärkische Oderzeitung
942 _2z
_cA
999 _c373432
_d373432